Literasi bahasa
| Other Authors: | |
|---|---|
| Format: | Book |
| Published: |
Kuala Lumpur :
Freemind Horizons Sdn. Bhd. ,
2013
|
| Subjects: |
MARC
| LEADER | 00000cam a2200000 7i4500 | ||
|---|---|---|---|
| 001 | 0000183229 | ||
| 005 | 20140701.0 | ||
| 020 | |a 9789671159187 | ||
| 090 | 0 | 0 | |a 499.2307 |b LIT |
| 245 | 1 | 0 | |a Literasi bahasa |c Amat Tarop bin Sumo ... [et al.] |
| 260 | |a Kuala Lumpur : |b Freemind Horizons Sdn. Bhd. , |c 2013 | ||
| 300 | |a 158p. ; |c 21cm. | ||
| 650 | 0 | 0 | |a Literacy |x Study and teaching |
| 650 | 0 | 0 | |a Malay language |x Study and teaching |
| 700 | 0 | |a Amat Tarop bin Sumo | |
| 999 | |a 00295001 |b BUKU |c PINJAMAN |e PERPUSTAKAAN KOMUNITI PETALING JAYA | ||